| 000 | 00825nam a2200253Ia 4500 | ||
|---|---|---|---|
| 008 | 191130s2005##################000#0#eng## | ||
| 020 | _a9781403911926 | ||
| 022 | _a2004051336 | ||
| 040 |
_aACL _cACL |
||
| 082 | _a361.610941 LOW | ||
| 100 | _aLowe, Rodney | ||
| 245 |
_aThe welfare state in Britain since 1945 _cRodney Lowe |
||
| 250 | _a3rd ed | ||
| 260 |
_aBasingstoke, Hampshire _bPalgrave Macmillan _c2005 |
||
| 300 | _axiii, 513 p. : ill. ; 25 cm | ||
| 500 | _aIncludes bibliographical references (p. 456-504) and index | ||
| 650 | _aGreat Britain - Economic policy | ||
| 650 | _aGreat Britain - Politics and government - 1945- | ||
| 650 | _aGreat Britain - Social policy | ||
| 650 | _aWelfare state - Great Britain | ||
| 990 | _abb858a11ac10000c4a7d1e50816aa7fc | ||
| 991 | _a353633 | ||
| 999 |
_c75634 _d75634 |
||